The life strategies : finding what matters most for you
| Main Author: | |
|---|---|
| Format: | Book |
| Language: | English |
| Published: |
New York :
Hyperion ,
c2001
|
| Subjects: |
MARC
| LEADER | 00000cam a2200000 7i4500 | ||
|---|---|---|---|
| 001 | 0000010750 | ||
| 005 | 20230531.0 | ||
| 008 | 030604 nyu eng | ||
| 020 | |a 0786887435 (pbk) | ||
| 040 | |a INS | ||
| 090 | 0 | 0 | |a QP82 |b .M4878 2001 |
| 100 | 1 | |a McGraw, Philip C. | |
| 245 | 1 | 4 | |a The life strategies : |b finding what matters most for you |c Philip C. McGraw |
| 260 | |a New York : |b Hyperion , |c c2001 | ||
| 650 | 0 | |a Change (Psychology) | |
| 650 | 0 | |a Success |x Psychologycal aspects | |
| 999 | |a 0000012627 |b BOOK |c Open Shelf |e Default branch | ||